America's urban future : (Record no. 14169)

000 -LEADER
fixed length control field 02155cam a2200373 i 4500
005 - DATE AND TIME OF LATEST TRANSACTION
control field 20260214153902.0
008 - FIXED-LENGTH DATA ELEMENTS--GENERAL INFORMATION
fixed length control field 150612t20152015dcuab b 001 0 eng d
020 ## - INTERNATIONAL STANDARD BOOK NUMBER
International Standard Book Number 9781610915960
Qualifying information (paperback)
035 ## - SYSTEM CONTROL NUMBER
System control number 18658318
042 ## - AUTHENTICATION CODE
Authentication code lccopycat
043 ## - GEOGRAPHIC AREA CODE
Geographic area code n-cn---
-- n-us---
050 00 - LIBRARY OF CONGRESS CALL NUMBER
Classification number HT170
Item number .T65 2015
082 04 - DEWEY DECIMAL CLASSIFICATION NUMBER
Classification number 307.3
Edition number 23
100 1# - MAIN ENTRY--PERSONAL NAME
Personal name Tomalty, Ray,
Relator term author.
245 10 - TITLE STATEMENT
Title America's urban future :
Remainder of title lessons from north of the border /
Statement of responsibility, etc Ray Tomalty and Alan Mallach.
300 ## - PHYSICAL DESCRIPTION
Extent ix, 300 pages :
Other physical details illustrations, maps ;
Dimensions 23 cm
504 ## - BIBLIOGRAPHY, ETC. NOTE
Bibliography, etc Includes bibliographical references (pages 274-288) and index.
505 00 - FORMATTED CONTENTS NOTE
Title Changing world, changing cities --
-- Canada and the United States: similar yet different --
-- differences in livability and sustainability --
-- Differences in urban form and transportation systems --
-- Organizing government: powers, boundaries, and governance systems --
-- Urban connectivity: integrated transportation planning --
-- Social policy and a more inclusive society --
-- Vibrant, diverse central cities --
-- Growing sustainable suburbs --
-- Learning from Canada: conclusion and recommendations.
520 ## - SUMMARY, ETC.
Summary, etc In this book the authors examine U.S. policy in the light of the Canadian experience, and use that experience as a starting point to generate specific policy recommendations. Their recommendations are designed to help the U.S. further its urban revival, build more walkable, energy-efficient communities, and in particular, help land use adapt better to the needs of the aging population.--Publisher's description.
650 #0 - SUBJECT ADDED ENTRY--TOPICAL TERM
Topical term or geographic name as entry element Urban renewal
Geographic subdivision United States.
650 #0 - SUBJECT ADDED ENTRY--TOPICAL TERM
Topical term or geographic name as entry element Urban renewal
Geographic subdivision Canada.
650 #0 - SUBJECT ADDED ENTRY--TOPICAL TERM
Topical term or geographic name as entry element City planning
Geographic subdivision United States.
650 #0 - SUBJECT ADDED ENTRY--TOPICAL TERM
Topical term or geographic name as entry element City planning
Geographic subdivision Canada.
650 #5 - SUBJECT ADDED ENTRY--TOPICAL TERM
Topical term or geographic name as entry element Urban renewal
Geographic subdivision Canada.
650 #5 - SUBJECT ADDED ENTRY--TOPICAL TERM
Topical term or geographic name as entry element City planning
Geographic subdivision Canada.
650 #6 - SUBJECT ADDED ENTRY--TOPICAL TERM
Topical term or geographic name as entry element Urbanisme
Geographic subdivision Ontario
-- Toronto, Agglomâeration de
General subdivision Cas, âEtudes de.
650 #7 - SUBJECT ADDED ENTRY--TOPICAL TERM
Topical term or geographic name as entry element City planning.
Source of heading or term fast
650 #7 - SUBJECT ADDED ENTRY--TOPICAL TERM
Topical term or geographic name as entry element Urban renewal.
Source of heading or term fast
651 #7 - SUBJECT ADDED ENTRY--GEOGRAPHIC NAME
Geographic name Canada.
Source of heading or term fast
651 #7 - SUBJECT ADDED ENTRY--GEOGRAPHIC NAME
Geographic name United States.
Source of heading or term fast
700 1# - ADDED ENTRY--PERSONAL NAME
Personal name Mallach, Alan,
Relator term author.
942 ## - ADDED ENTRY ELEMENTS (KOHA)
Source of classification or shelving scheme
955 ## - COPY-LEVEL INFORMATION (RLIN)
Book number/undivided call number, CCAL (RLIN) rm04 2019-05-09 z-processor
Copy status, CST (RLIN) rm04 2019-05-20 to BCCD
Holdings
Withdrawn status Lost status Source of classification or shelving scheme Damaged status Koha normalized classification for sorting Not for loan Permanent location Current location Shelving location Date acquired Full call number Barcode Date last seen Price effective from Koha item type
        307_300000000000000   BMS College of Architecture, Design and Planning BMS College of Architecture, Design and Planning General Stacks 2025-12-03 307.3 AR-UG5033 2026-02-10 2026-02-10 B.PLAN
Copyright © 2025, The Librarian, Library and Information Centre, BMSCA D&P, Bengaluru. All Rights Reserved
web counter

Powered by Koha